Wordt geladen...

Digital design and Verilog HDL fundamentals

Bibliografische gegevens
Hoofdauteur: Cavanagh, Joseph
LEADER 00200 a2200097 4500
020
260
942 |c BK  |6 _ 
245 |a Digital design and Verilog HDL fundamentals 
100 |a Cavanagh, Joseph 
999 |c 57369  |d 57369